Diplomová práca ako napísať a úspešne obhájiť diplomovú prácu

Guardado en:
Detalles Bibliográficos
Autor principal: Gonda, Vladimír
Autor Corporativo: Ekonomická univerzita v Bratislave. Národohospodárska fakulta
Formato: Libro
Lenguaje:eslovaco
Publicado: Bratislava Vydavateľstvo Ekonóm 1998
Materias:
Etiquetas: Agregar Etiqueta
Sin Etiquetas, Sea el primero en etiquetar este registro!

MARC

LEADER 00000nam a2200000 4500
001 c100297
005 20221123132638.4
020 |a 80-225-0974-4 
041 0 |a slo 
044 |a SK 
245 1 0 |a Diplomová práca  |b ako napísať a úspešne obhájiť diplomovú prácu  |c Vladimír Gonda 
264 1 |a Bratislava  |b Vydavateľstvo Ekonóm  |c 1998 
300 |a 67 s. 
610 2 0 |a práce diplomové 
610 2 0 |a metodika 
610 2 0 |a organizácia práce vedeckej 
100 1 |a Gonda, Vladimír 
710 2 |a Ekonomická univerzita v Bratislave. Národohospodárska fakulta